000 00748cam a2200193 i 4500
005 20251207105140.0
008 250721s2008 jo gr 000 0 ara d
020 _a9789957230920
082 1 4 _a214.5
_bف و د
100 1 _aفودة، سعيد عبد اللطيف
_eمؤلف.
245 1 0 _aأصحاب النار ومصيرهم :
_bفي الكتاب والسنة وآراء الفرق الإسلامية /
_cتأليف سعيد عبد اللطيف فودة.
250 _aالطبعة الأولى.
264 3 1 _aعمان :
_bدار الفتح للدرسات والنشر ،
_c2008.
300 _a207 صفحة.
650 1 7 _aجهنم.
650 1 7 _aاصول الدين الاسلامي.
942 _2ddc
_cBK
999 _c1416
_d1416